Hỏi đáp về một số di tích lịch sử và văn hóa nổi tiếng ở Việt Nam

Giới thiệu về các di tích lịch sử - văn hóa của Việt Nam thông qua những câu hỏi đáp ngắn gọn, đầy đủ và chính xác, được sắp xếp theo bảng chữ cái để người đọc dễ tra cứu.; DL010

Zapisane w:
Opis bibliograficzny
1. autor: Đặng, Việt Thủy
Kolejni autorzy: Hoàng, Thu Hoàn
Format: Książka
Język:Undetermined
Wydane: H. Quân đội nhân dân 2009
Hasła przedmiotowe:
Dostęp online:http://lrc.tdmu.edu.vn/opac/search/detail.asp?aID=2&ID=14933
Etykiety: Dodaj etykietę
Nie ma etykietki, Dołącz pierwszą etykiete!
Thư viện lưu trữ: Trung tâm Học liệu Trường Đại học Thủ Dầu Một
LEADER 01189nam a2200217Ia 4500
001 TDMU_14933
008 210410s9999 xx 000 0 und d
082 |a 915.97003 
090 |b Đ116 
100 |a Đặng, Việt Thủy 
245 0 |a Hỏi đáp về một số di tích lịch sử và văn hóa nổi tiếng ở Việt Nam 
245 0 |c Đặng Việt Thủy (chủ biên), Hoàng Thu Hoàn, Phan Ngọc Doãn 
260 |a H. 
260 |b Quân đội nhân dân 
260 |c 2009 
300 |a 342 tr. 
520 |a Giới thiệu về các di tích lịch sử - văn hóa của Việt Nam thông qua những câu hỏi đáp ngắn gọn, đầy đủ và chính xác, được sắp xếp theo bảng chữ cái để người đọc dễ tra cứu.; DL010  |d Địa lí du lịch Việt Nam 
650 |a Du lịch  |z Việt Nam; Di tích lịch sử  |z Việt Nam; Di tích văn hóa  |z Việt Nam 
700 |a Hoàng, Thu Hoàn 
856 |u http://lrc.tdmu.edu.vn/opac/search/detail.asp?aID=2&ID=14933 
980 |a Trung tâm Học liệu Trường Đại học Thủ Dầu Một